[Event "12.Traum-Open"]
[Site "Oberstdorf"]
[Date "2005.07.15"]
[Round "8"]
[White "Kumeth, Hartmut"]
[Black "Slacik, Johann"]
[Result "0-1"]
[WhiteElo "1600"]
[BlackElo "1904"]
[PlyCount "110"]
[EventDate "2005.??.??"]

1. d4 d5 2. Nf3 Nf6 3. e3 Nbd7 4. Be2 e6 5. O-O c6 6. Nbd2 Bd6 7. h3 O-O 8. Re1
Re8 9. c4 c5 10. cxd5 exd5 11. dxc5 Nxc5 12. b3 Nfe4 13. Bb2 Re6 14. Bf1 Rg6
15. Ne5 Bxe5 16. Bxe5 Bxh3 17. g3 Bg4 18. Be2 Nxd2 19. Bxg4 Nce4 20. Bf5 Rg5
21. Bxe4 dxe4 22. Bf4 Rd5 23. Kg2 g5 24. Qg4 h5 25. Qxh5 gxf4 26. Qg4+ Qg5 27.
Qxf4 Qxf4 28. exf4 f5 29. Rh1 Kg7 30. Rh5 Rh8 31. Rah1 Rxh5 32. Rxh5 Kg6 33. g4
Nf3 34. Kg3 a5 35. Rh8 fxg4 36. Kxg4 Rd2 37. Re8 Rxf2 38. Rxe4 Nh2+ 39. Kg3
Rxa2 40. Re7 b5 41. Re5 b4 42. Rb5 Nf1+ 43. Kg4 Ne3+ 44. Kf3 Nf5 45. Rb6+ Kf7
46. Ke4 Ne7 47. Ra6 Nc8 48. Rc6 Ne7 49. Ra6 Ke8 50. f5 Kf7 51. Ra7 Re2+ 52. Kf4
Rf2+ 53. Ke4 Rxf5 54. Rxe7+ Kxe7 55. Kxf5 a4 0-1

[Event "12.Traum-Open"]
[Site "Oberstdorf"]
[Date "2005.07.15"]
[Round "8"]
[White "Thonig, Manfred"]
[Black "Gestrich, Wolfgang"]
[Result "1-0"]
[WhiteElo "1913"]
[BlackElo "1783"]
[PlyCount "77"]
[EventDate "2005.??.??"]

1. f4 g6 2. b3 Bg7 3. Nc3 d5 4. d4 f5 5. Nf3 Nc6 6. e3 a6 7. Bb2 e6 8. Be2 b5
9. O-O Nf6 10. Ne5 Nxe5 11. fxe5 Nd7 12. Ba3 c6 13. Rf3 Qa5 14. Bb2 b4 15. Na4
Nb6 16. Nc5 Bf8 17. Nd3 Nd7 18. Nf4 Nb8 19. Rh3 Bg7 20. g4 Kf7 21. Qe1 Qb6 22.
Qf2 Qd8 23. Rf1 a5 24. gxf5 exf5 25. Qf3 Ba6 26. e6+ Ke7 27. c4 dxc4 28. bxc4
Bb7 29. a3 Na6 30. Rd1 Nc7 31. a4 Qc8 32. Qg3 Nxe6 33. Nxe6 Qxe6 34. d5 Qf7 35.
Bxg7 Qxg7 36. dxc6 Bc8 37. Qc7+ Kf6 38. Rd6+ Be6 39. Rxe6+ 1-0

[Event "12.Traum-Open"]
[Site "Oberstdorf"]
[Date "2005.07.16"]
[Round "9"]
[White "Kreie, Günter"]
[Black "Fischer, Roger"]
[Result "1/2-1/2"]
[WhiteElo "1942"]
[BlackElo "2175"]
[PlyCount "33"]
[EventDate "2005.??.??"]

1. e4 d6 2. d4 Nf6 3. Nc3 e5 4. dxe5 dxe5 5. Qxd8+ Kxd8 6. Bg5 Be6 7. O-O-O+
Nbd7 8. h3 Bc5 9. f3 Kc8 10. Kb1 h6 11. Bc1 a6 12. Bd3 Bd6 13. Nge2 b6 14. f4
exf4 15. Nxf4 Ne5 16. Nxe6 fxe6 17. Ne2 1/2-1/2

[Event "12.Traum-Open"]
[Site "Oberstdorf"]
[Date "2005.07.16"]
[Round "9"]
[White "Maugg, Ludwig"]
[Black "Storkebaum, Karl-Heinrich"]
[Result "1/2-1/2"]
[WhiteElo "2147"]
[BlackElo "2023"]
[PlyCount "32"]
[EventDate "2005.??.??"]

1. d4 d5 2. c4 e6 3. Nc3 Nf6 4. cxd5 exd5 5. Bg5 c6 6. e3 Be7 7. Qc2 Bg4 8. Bd3
Nbd7 9. Nge2 Bxe2 10. Bxe2 O-O 11. Bd3 h6 12. Bh4 c5 13. dxc5 Nxc5 14. Rd1
Nxd3+ 15. Qxd3 Qa5 16. O-O Rad8 1/2-1/2

[Event "12.Traum-Open"]
[Site "Oberstdorf"]
[Date "2005.07.16"]
[Round "9"]
[White "Fehres, Werner"]
[Black "Siegmund, Rainer"]
[Result "1/2-1/2"]
[WhiteElo "2033"]
[BlackElo "2149"]
[PlyCount "39"]
[EventDate "2005.??.??"]

1. e4 c5 2. f4 Nc6 3. c3 Nf6 4. d3 d6 5. Be2 g6 6. Nf3 Bg7 7. Be3 O-O 8. Na3 a6
9. Nc2 b5 10. O-O Rb8 11. Nd2 b4 12. d4 bxc3 13. bxc3 cxd4 14. cxd4 d5 15. e5
Ne8 16. Bd3 e6 17. Nb3 Nc7 18. Qd2 Re8 19. Rfb1 Bf8 20. Na5 1/2-1/2

[Event "12.Traum-Open"]
[Site "Oberstdorf"]
[Date "2005.07.16"]
[Round "9"]
[White "Sander, Rolf"]
[Black "Schirmer, Werner"]
[Result "1/2-1/2"]
[WhiteElo "2046"]
[BlackElo "2050"]
[PlyCount "21"]
[EventDate "2005.??.??"]

1. e4 c5 2. Nf3 Nc6 3. d4 cxd4 4. Nxd4 g6 5. c4 Nf6 6. Nc3 d6 7. Be2 Nxd4 8.
Qxd4 Bg7 9. Be3 O-O 10. Qd2 Be6 11. O-O 1/2-1/2

[Event "12.Traum-Open"]
[Site "Oberstdorf"]
[Date "2005.07.16"]
[Round "9"]
[White "Bullock, Alfred"]
[Black "Winkler, Hans"]
[Result "0-1"]
[WhiteElo "1490"]
[BlackElo "1615"]
[PlyCount "68"]
[EventDate "2005.??.??"]

1. c4 c5 2. Nc3 Nc6 3. Nf3 Nf6 4. e3 g6 5. d4 cxd4 6. Nxd4 Bg7 7. Be2 O-O 8.
O-O a6 9. Qc2 d6 10. Nxc6 bxc6 11. b3 Qa5 12. Bb2 Qg5 13. Rab1 Bh3 14. Bf3 Rac8
15. Ne4 Nxe4 16. Bxg7 Kxg7 17. Bxe4 d5 18. f4 Qh4 19. gxh3 dxe4 20. Qg2 f5 21.
Qg3 Qf6 22. Rfd1 Rfd8 23. Qf2 Rd6 24. Rxd6 Qxd6 25. Qb2+ Kg8 26. Qd4 Qxd4 27.
exd4 Rd8 28. Rd1 e6 29. a3 Kf7 30. b4 Kf6 31. h4 h6 32. Kf2 g5 33. Ke3 gxf4+
34. Kxf4 Rxd4 0-1

[Event "12.Traum-Open"]
[Site "Oberstdorf"]
[Date "2005.07.16"]
[Round "9"]
[White "Wechs, Julian"]
[Black "Kumeth, Hartmut"]
[Result "1/2-1/2"]
[WhiteElo "1237"]
[BlackElo "1600"]
[PlyCount "34"]
[EventDate "2005.??.??"]

1. e4 e5 2. Nf3 Nc6 3. Bb5 f5 4. Nc3 Nf6 5. d3 d6 6. O-O Be7 7. Bd2 O-O 8. Re1
f4 9. Bc4+ Kh8 10. a3 Bg4 11. Nd5 Nd4 12. Nxe7 Qxe7 13. Kf1 Nh5 14. Bc3 Nxf3
15. gxf3 Be6 16. Bxe6 Qxe6 17. Ke2 c5 1/2-1/2

[Event "12.Traum-Open"]
[Site "Oberstdorf"]
[Date "2005.07.16"]
[Round "9"]
[White "Gestrich, Wolfgang"]
[Black "Schwarz, Werner"]
[Result "0-1"]
[WhiteElo "1783"]
[BlackElo "1963"]
[PlyCount "66"]
[EventDate "2005.??.??"]

1. c4 Nf6 2. Nc3 e5 3. e4 Bc5 4. h3 d6 5. d3 h6 6. Qe2 Nc6 7. Nf3 O-O 8. a3 a5
9. Nb5 Be6 10. Be3 Bxe3 11. Qxe3 Ne7 12. Nc3 c6 13. Be2 d5 14. Qd2 Ng6 15. g3
Qe7 16. O-O-O d4 17. Na2 b5 18. cxb5 Bxa2 19. b4 Bb3 20. Rde1 axb4 21. Qxb4
Qxb4 22. axb4 cxb5 23. Kb2 Be6 24. Ra1 Nd7 25. Rxa8 Rxa8 26. Ra1 Rxa1 27. Kxa1
Ne7 28. Kb2 Bxh3 29. Nh2 Be6 30. g4 Nc6 31. Ka3 Ndb8 32. Bd1 Na6 33. Nf1 Naxb4
0-1

[Event "12.Traum-Open"]
[Site "Oberstdorf"]
[Date "2005.07.16"]
[Round "9"]
[White "Lübbers, Doris"]
[Black "Thonig, Manfred"]
[Result "0-1"]
[WhiteElo "1347"]
[BlackElo "1913"]
[PlyCount "66"]
[EventDate "2005.??.??"]

1. d4 f5 2. g3 b6 3. Bg2 Nc6 4. Nf3 Bb7 5. O-O Nf6 6. c4 e6 7. Nc3 d5 8. cxd5
exd5 9. e3 Bb4 10. Qc2 Bxc3 11. Qxc3 Ne4 12. Qa3 a5 13. Re1 Ba6 14. b3 Nb4 15.
Qb2 Nd3 16. Qc2 Nxe1 17. Nxe1 O-O 18. Bb2 Rc8 19. Rc1 c5 20. Qd1 c4 21. bxc4
Bxc4 22. a3 a4 23. Qxa4 b5 24. Qd1 Qa5 25. Bxe4 fxe4 26. Nc2 Bb3 27. Qe2 Rf6
28. Nb4 Rxc1+ 29. Bxc1 Qc7 30. Bb2 Bc4 31. Qd2 Qd7 32. Qe1 Qh3 33. Kh1 Bf1 0-1